000 00614nam a2200217 a 4500
001 18166
003 CO-ViMGA
008 141112s2004 ck r 000 u spa d
020 _a9588061709
040 _aCO-ViMGA
_bspa
_cCO-ViMGA
082 0 4 _aCo864.6 O764n
100 1 _aOspina, William
_910216
245 1 0 _aLos nuevos centros de la esfera
260 _aBogotá,
_cAguilar,
_c2003
300 _a262.p.
590 _aForma de adquisición : Premio - Mincultura
650 1 4 _aENSAYOS COLOMBIANOS
_91215
650 1 4 _aGLOBALIZACION - ENSAYOS
_925854
650 1 4 _aPERIODISMO - ENSAYOS
_925855
942 _2ddc
_cBK
999 _c27538
_d27538